[Event "MSU Interuniversity Cup"]
[Site "Moscow RUS"]
[Date "2023.05.16"]
[Round "4.4"]
[White "Kembayev, Bakhytzhan"]
[Black "Salimova, Asal"]
[Result "1-0"]
[WhiteElo "2044"]
[BlackElo "1709"]
[PlyCount "85"]
[EventDate "2023.05.15"]
[EventType "team (rapid)"]
[EventRounds "9"]
[EventCountry "RUS"]
[SourceTitle "CBM 214 Extra"]
[Source "ChessBase"]
[SourceDate "2023.07.31"]
[SourceVersion "1"]
[SourceVersionDate "2023.07.31"]
[SourceQuality "1"]
[WhiteTeam "Kazakhstan"]
[BlackTeam "Uzbekistan"]
[WhiteTeamCountry "KAZ"]
[BlackTeamCountry "UZB"]

1. d4 g6 2. Nf3 Bg7 3. g3 c5 4. d5 d6 5. Bg2 Nf6 6. c4 b5 7. cxb5 a6 8. bxa6 Bxa6 9. 0-0 Nbd7 10. Nc3 Nb6 11. Re1 0-0 12. e4 Qc7 13. Qc2 Rfb8 14. b3 c4 15. b4 Nbd7 16. Rb1 Ng4 17. Rd1 Qa7 18. Rf1 Nde5 19. Nxe5 Bxe5 20. h3 Nf6 21. Be3 Bd4 22. Bxd4 Qxd4 23. Rfd1 Qa7 24. a4 Nh5 25. Kh2 Bc8 26. a5 f5 27. Na4 Qc7 28. Nb6 Ra7 29. Qxc4 Qxc4 30. Nxc4 Rc7 31. Nb6 Rc2 32. Rbc1 Rxc1 33. Rxc1 Ba6 34. exf5 gxf5 35. Bf1 Bb7 36. Rc7 Nf6 37. Rxe7 Kf8 38. Re6 Nxd5 39. Rxd6 Ke7 40. Rd7+ Ke6 41. Bc4 Bc6 42. Bxd5+ Bxd5 43. Rxd5 1-0

[Event "MSU Interuniversity Cup"]
[Site "Moscow RUS"]
[Date "2023.05.16"]
[Round "3.2"]
[White "Salimova, Asal"]
[Black "Avzalzoda, Ahmad"]
[Result "1-0"]
[WhiteElo "1709"]
[BlackElo "1995"]
[PlyCount "73"]
[EventDate "2023.05.15"]
[EventType "team (rapid)"]
[EventRounds "9"]
[EventCountry "RUS"]
[SourceTitle "CBM 214 Extra"]
[Source "ChessBase"]
[SourceDate "2023.07.31"]
[SourceVersion "1"]
[SourceVersionDate "2023.07.31"]
[SourceQuality "1"]
[WhiteTeam "Uzbekistan"]
[BlackTeam "Tajikistan"]
[WhiteTeamCountry "UZB"]
[BlackTeamCountry "TJK"]

1. d4 Nf6 2. Bf4 d5 3. e3 c5 4. c3 Nc6 5. Nd2 e6 6. Ngf3 Bd6 7. Bg3 0-0 8. Bd3 Qe7 9. Ne5 Bxe5 10. dxe5 Nd7 11. f4 f5 12. Nf3 c4 13. Bc2 Nc5 14. Bh4 Qc7 15. g4 Qd7 16. gxf5 exf5 17. Qe2 b5 18. a3 a5 19. Rg1 Ba6 20. Bf6 g6 21. Nh4 Ne4 22. Bxe4 dxe4 23. Nxg6 hxg6 24. Rxg6+ Kf7 25. Rg7+ Ke6 26. Rxd7 Kxd7 27. Rd1+ Kc7 28. Qd2 Rf7 29. Qd6+ Kb6 30. Qe6 Rc7 31. Bd8 Rxd8 32. Rxd8 Bb7 33. Rd6 Bc8 34. Qd5 a4 35. e6 Bb7 36. Rd7 Nb8 37. Qd4+ 1-0

[Event "UZB-ch (Women)"]
[Site "Tashkent"]
[Date "2022.04.23"]
[Round "9"]
[White "Salimova, Asal"]
[Black "Abdusattorova, Bakhora"]
[Result "0-1"]
[WhiteElo "1859"]
[BlackElo "2080"]
[PlyCount "78"]
[EventDate "2022.04.15"]
[EventType "tourn"]
[EventRounds "9"]
[EventCountry "UZB"]
[SourceTitle "EXT 2023"]
[Source "ChessBase"]
[SourceDate "2022.10.05"]
[SourceVersion "1"]
[SourceVersionDate "2022.10.05"]
[SourceQuality "1"]

1. d4 d5 2. Bf4 c5 3. e3 Nc6 4. c3 Nf6 5. Nd2 g6 6. f3 cxd4 7. exd4 Bg7 8. Bd3 0-0 9. Ne2 Nh5 10. Bg5 h6 11. Bh4 Qc7 12. Qc2 e5 13. g4 e4 14. fxe4 Bxg4 15. 0-0-0 dxe4 16. Nxe4 Bxe2 17. Bxe2 Qf4+ 18. Kb1 Qxh4 19. Rdg1 Rae8 20. Rg4 Qe7 21. Bc4 Na5 22. Bb5 Rc8 23. Nc5 Nf6 24. Rg2 b6 25. Nd3 Nc4 26. Bxc4 Rxc4 27. Ne5 Rc7 28. Qb3 Kh7 29. Re1 Nh5 30. Qc2 Qd6 31. Re4 Bxe5 32. dxe5 Qe6 33. Rh4 Qxe5 34. Re2 Qg5 35. Qe4 Nf6 36. Qb4 Qf5+ 37. Rc2 Re8 38. b3 Nd5 39. Qd4 Ne3 0-1

[Event "UZB-ch (Women)"]
[Site "Tashkent"]
[Date "2022.04.21"]
[Round "7"]
[White "Kurbonboeva, Sarvinoz"]
[Black "Salimova, Asal"]
[Result "0-1"]
[WhiteElo "2189"]
[BlackElo "1859"]
[PlyCount "146"]
[EventDate "2022.04.15"]
[EventType "tourn"]
[EventRounds "9"]
[EventCountry "UZB"]
[SourceTitle "EXT 2023"]
[Source "ChessBase"]
[SourceDate "2022.10.05"]
[SourceVersion "1"]
[SourceVersionDate "2022.10.05"]
[SourceQuality "1"]

1. d4 g6 2. c4 Bg7 3. Nf3 d6 4. Nc3 Nc6 5. d5 Ne5 6. Nd4 c5 7. dxc6 Nxc6 8. e3 Nf6 9. Be2 0-0 10. 0-0 Nd7 11. b3 Nc5 12. Bb2 Ne6 13. Ncb5 a6 14. Nxe6 Bxe6 15. Bxg7 Kxg7 16. Nd4 Qb6 17. Qd2 Rad8 18. Qc3 Kg8 19. h4 Bd7 20. h5 Qa5 21. Qxa5 Nxa5 22. Rfd1 Nc6 23. Rd2 Ne5 24. Rad1 Rc8 25. Nf3 Ng4 26. hxg6 hxg6 27. e4 Bc6 28. Nd4 Nf6 29. f3 Kg7 30. a4 Rh8 31. a5 Rh5 32. b4 Rch8 33. Kf2 Bd7 34. Rc1 Rh1 35. Rdd1 R1h2 36. Nc2 Ba4 37. Rd2 Bxc2 38. Rdxc2 Nh5 39. c5 dxc5 40. Rxc5 Nf4 41. Bf1 Rh1 42. Ke3 Ne6 43. R5c3 Rg1 44. Kf2 Rhh1 45. Re1 Kf6 46. Rcc1 Ke5 47. g3 g5 48. Red1 Kf6 49. Rd5 Ng7 50. f4 gxf4 51. gxf4 Ne6 52. Re1 Kg7 53. f5 Nf4 54. Rdd1 Kf6 55. Bc4 Rxe1 56. Rxe1 Rxe1 57. Kxe1 Ke5 58. Bxf7 Kxe4 59. Bg6 Ke5 60. Be8 Nd3+ 61. Kd2 Nxb4 62. Bd7 Kd6 63. Bc8 Kc7 64. Be6 Nc6 65. Kc3 Nxa5 66. Kb4 Nc6+ 67. Kc5 b6+ 68. Kc4 Kd6 69. Bc8 b5+ 70. Kb3 a5 71. Ba6 Kc5 72. Bc8 a4+ 73. Ka3 Ne5 0-1

[Event "UZB-ch (Women)"]
[Site "Tashkent"]
[Date "2022.04.19"]
[Round "5"]
[White "Khusainova, Ozoda"]
[Black "Salimova, Asal"]
[Result "0-1"]
[WhiteElo "1651"]
[BlackElo "1859"]
[PlyCount "90"]
[EventDate "2022.04.15"]
[EventType "tourn"]
[EventRounds "9"]
[EventCountry "UZB"]
[SourceTitle "EXT 2023"]
[Source "ChessBase"]
[SourceDate "2022.10.05"]
[SourceVersion "1"]
[SourceVersionDate "2022.10.05"]
[SourceQuality "1"]

1. d4 g6 2. e4 c6 3. c4 d5 4. e5 Bg7 5. f4 h5 6. Nf3 Bg4 7. cxd5 Bxf3 8. Qxf3 cxd5 9. Nc3 e6 10. Bb5+ Nc6 11. Bxc6+ bxc6 12. 0-0 Ne7 13. Be3 Nf5 14. Na4 0-0 15. Bf2 Qa5 16. b3 Rfc8 17. Rac1 Bf8 18. h3 h4 19. Qd3 Rab8 20. Be1 Qb5 21. Qc3 Bb4 22. Qa1 Ba3 23. Rc5 Bxc5 24. Nxc5 Qe2 25. Bc3 Qe3+ 26. Kh2 Rb5 27. Qb2 Rxc5 28. dxc5 Qxc5 29. Bd2 d4 30. Rc1 Qb5 31. Rc4 c5 32. Qa3 a6 33. Qc1 Ng3 34. Qe1 Qb7 35. Bc1 Qd5 36. Bb2 d3 37. Bc3 d2 38. Qd1 Nf1+ 39. Kg1 Ne3 40. Qxd2 Nxc4 41. bxc4 Qxd2 42. Bxd2 Rb8 43. Be3 Rb4 44. Bxc5 Rxc4 45. Be3 Ra4 0-1

[Event "UZB-ch (Women)"]
[Site "Tashkent"]
[Date "2022.04.15"]
[Round "1"]
[White "Omonova, Umida"]
[Black "Salimova, Asal"]
[Result "1-0"]
[WhiteElo "2148"]
[BlackElo "1859"]
[PlyCount "223"]
[EventDate "2022.04.15"]
[EventType "tourn"]
[EventRounds "9"]
[EventCountry "UZB"]
[SourceTitle "EXT 2023"]
[Source "ChessBase"]
[SourceDate "2022.10.05"]
[SourceVersion "1"]
[SourceVersionDate "2022.10.05"]
[SourceQuality "1"]

1. e4 c6 2. d4 d5 3. Nd2 dxe4 4. Nxe4 Nd7 5. Ng5 Ngf6 6. Bc4 e6 7. Qe2 Nb6 8. Bb3 h6 9. N5f3 a5 10. a3 a4 11. Ba2 Bd6 12. Ne5 Qc7 13. Ngf3 Bd7 14. Nxd7 Nbxd7 15. 0-0 0-0 16. Re1 Nd5 17. Ne5 Bxe5 18. dxe5 Rad8 19. Bd2 Ne7 20. Rad1 Ng6 21. Bb4 c5 22. Bc3 Ndxe5 23. h4 Nc6 24. h5 Nf4 25. Qe4 Nd4 26. Bd2 Nxh5 27. c3 Nf6 28. Qh4 Nf5 29. Qxa4 h5 30. Bf4 Rxd1 31. Rxd1 Qb6 32. Qb3 Qc6 33. Qc2 Qb6 34. Qe2 Rd8 35. Rxd8+ Qxd8 36. Bxe6 Qe7 37. Bc4 Qd8 38. Bg5 Nd6 39. Bd3 Nde8 40. Bc2 Qd5 41. Qe3 b5 42. Bd3 c4 43. Bc2 Qd7 44. Qc5 Qd5 45. Qe3 Qd7 46. f3 Qd5 47. Bh4 Qd6 48. Kf2 Qd5 49. a4 bxa4 50. Bxa4 Qa8 51. Bc2 Qb8 52. Qe2 Qb6+ 53. Kf1 Qc7 54. Qe3 Qb8 55. Qe2 Qc7 56. Ba4 Qc8 57. Bg3 Qd8 58. Bb5 Nd6 59. Qd2 Qb6 60. Ba4 Nf5 61. Bf2 Qc7 62. Bc2 Ne7 63. Bd4 Ned5 64. b4 cxb3 65. Bxb3 Qb7 66. Bc2 Qa6+ 67. Kf2 Qc6 68. Bb3 Qb7 69. Ba2 Qa8 70. c4 Nf4 71. Bb1 Ne6 72. Be3 Qc8 73. Qb4 Qc7 74. Bf5 h4 75. Kf1 Qe5 76. Bxe6 fxe6 77. Qd2 Qc7 78. c5 Nh5 79. Bf2 Ng3+ 80. Kg1 Nf5 81. Qa2 Qc6 82. Qc4 Kf7 83. Qb4 h3 84. Qe4 Qxe4 85. fxe4 Ne7 86. gxh3 e5 87. Bh4 Nc6 88. Kf2 Ke6 89. Kf3 Nd4+ 90. Kg4 Nb3 91. c6 Kd6 92. Bg3 Nd2 93. Bxe5+ Kxc6 94. Kf4 g6 95. Bc3 Nc4 96. Bf6 Kd7 97. Kg5 Nd6 98. e5 Nf5 99. Kxg6 Ke6 100. Kg5 Nd4 101. h4 Nf3+ 102. Kf4 Nd4 103. h5 Kf7 104. Kg4 Ne6 105. Bh4 Nd4 106. Bf2 Ne6 107. Be3 Nf8 108. Kf5 Ne6 109. h6 Nc7 110. Bg5 Ne8 111. Bf6 Kg8 112. Kg6 1-0

[Event "Khodzhaev Memorial"]
[Site "Tashkent"]
[Date "2021.11.07"]
[Round "5"]
[White "Begmuratov, Khumoyun"]
[Black "Salimova, Asal"]
[Result "1-0"]
[WhiteElo "2082"]
[BlackElo "1905"]
[PlyCount "61"]
[EventDate "2021.11.05"]
[EventType "tourn"]
[EventRounds "9"]
[EventCountry "UZB"]
[EventCategory "1"]
[SourceTitle "EXT 2023"]
[Source "ChessBase"]
[SourceDate "2022.10.05"]
[SourceVersion "1"]
[SourceVersionDate "2022.10.05"]
[SourceQuality "1"]

1. e4 e5 2. Nf3 Nc6 3. Nc3 Nf6 4. d4 exd4 5. Nxd4 Bb4 6. Nxc6 bxc6 7. Bd3 d5 8. exd5 cxd5 9. 0-0 0-0 10. Qf3 c6 11. h3 Be6 12. Ne2 Bd6 13. Bf4 Rb8 14. b3 Qc7 15. Qg3 Rfd8 16. Qh4 Rb4 17. Bxd6 Qxd6 18. Qg3 c5 19. c3 Rb6 20. Nf4 c4 21. Bc2 Qb8 22. Qe3 cxb3 23. axb3 d4 24. cxd4 Bxb3 25. Bd3 Rb4 26. Ne2 Qb6 27. Ra6 Qb7 28. Rxf6 gxf6 29. Qh6 Bd5 30. Nf4 Be4 31. Nh5 1-0

[Event "Khodzhaev Memorial"]
[Site "Tashkent"]
[Date "2021.11.06"]
[Round "3"]
[White "Salimova, Asal"]
[Black "Abdurakhmanov, Mukhmmadali"]
[Result "0-1"]
[WhiteElo "1905"]
[BlackElo "2252"]
[PlyCount "72"]
[EventDate "2021.11.05"]
[EventType "tourn"]
[EventRounds "9"]
[EventCountry "UZB"]
[EventCategory "1"]
[SourceTitle "EXT 2023"]
[Source "ChessBase"]
[SourceDate "2022.10.05"]
[SourceVersion "1"]
[SourceVersionDate "2022.10.05"]
[SourceQuality "1"]

1. d4 Nf6 2. Bf4 g6 3. Nc3 d5 4. Qd2 a6 5. Nf3 b5 6. a3 e6 7. Bh6 Bb7 8. Bxf8 Kxf8 9. Qh6+ Ke7 10. Ne5 Nbd7 11. Rd1 Qf8 12. Qh4 Qg7 13. f4 h6 14. e3 g5 15. Qg3 Rhg8 16. Nd3 Rac8 17. b4 Ne4 18. Nxe4 dxe4 19. Ne5 gxf4 20. Qxg7 Rxg7 21. Nxd7 Kxd7 22. exf4 h5 23. Kf2 h4 24. Ke3 Bd5 25. Rg1 Rcg8 26. Rd2 f5 27. c3 Rb8 28. Be2 Rb6 29. Rb2 Rc6 30. Rc2 Rd6 31. Bh5 Rg8 32. Bf7 Rh8 33. g4 hxg3 34. Rxg3 Ke7 35. Bg6 Bb3 36. Rc1 Rxh2 0-1

[Event "Online Olym Div2 B"]
[Site "Chess.com INT"]
[Date "2021.09.03"]
[Round "5.3"]
[White "Salimova, Asal"]
[Black "Abdulzahra, Sali Abbas"]
[Result "1-0"]
[WhiteElo "1905"]
[BlackElo "1919"]
[PlyCount "71"]
[EventDate "2021.09.02"]
[EventType "team (rapid)"]
[EventRounds "9"]
[EventCountry "USA"]
[SourceTitle "CBM 204 Extra"]
[Source "ChessBase"]
[SourceDate "2021.11.30"]
[SourceVersion "1"]
[SourceVersionDate "2021.11.30"]
[SourceQuality "1"]
[WhiteTeam "Uzbekistan"]
[BlackTeam "Iraq"]
[WhiteTeamCountry "UZB"]
[BlackTeamCountry "IRQ"]

1. d4 d5 2. Bf4 Nf6 3. e3 e6 4. Nf3 Bd6 5. Bg3 0-0 6. Bd3 c5 7. c3 b6 8. Nbd2 Ba6 9. Bxa6 Nxa6 10. Ne5 Qc7 11. f4 b5 12. a3 Nb8 13. 0-0 Nbd7 14. Qf3 a5 15. Rac1 Rac8 16. Bh4 cxd4 17. exd4 b4 18. axb4 axb4 19. g4 bxc3 20. bxc3 Kh8 21. Kh1 Ng8 22. Qh3 Be7 23. Ndf3 Bxh4 24. Qxh4 Ngf6 25. g5 Ne4 26. g6 h6 27. gxf7 Kh7 28. Rg1 Nxe5 29. Nxe5 Qd8 30. Qh5 Qf6 31. Rcf1 Rc7 32. f5 Nd6 33. Rg6 Qe7 34. Rxg7+ Kxg7 35. Qg6+ Kh8 36. Qxh6# 1-0

[Event "Online Olym Div2 B"]
[Site "Chess.com INT"]
[Date "2021.09.03"]
[Round "4.3"]
[White "Sinitsina, Anastassia"]
[Black "Salimova, Asal"]
[Result "1-0"]
[WhiteElo "2115"]
[BlackElo "1905"]
[PlyCount "99"]
[EventDate "2021.09.02"]
[EventType "team (rapid)"]
[EventRounds "9"]
[EventCountry "USA"]
[SourceTitle "CBM 204 Extra"]
[Source "ChessBase"]
[SourceDate "2021.11.30"]
[SourceVersion "1"]
[SourceVersionDate "2021.11.30"]
[SourceQuality "1"]
[WhiteTeam "Estonia"]
[BlackTeam "Uzbekistan"]
[WhiteTeamCountry "EST"]
[BlackTeamCountry "UZB"]

1. Nf3 g6 2. g3 Bg7 3. Bg2 d6 4. 0-0 e5 5. d3 f5 6. c4 Nf6 7. Qc2 0-0 8. b4 Nbd7 9. Bb2 h6 10. Nbd2 Nh7 11. Rfc1 c6 12. Rab1 Ng5 13. Nxg5 hxg5 14. a4 a5 15. b5 c5 16. Nf1 f4 17. Nd2 Nf6 18. Ne4 Nxe4 19. Bxe4 Qf6 20. Bf3 g4 21. Bd5+ Kh7 22. Rf1 f3 23. Rfe1 Rb8 24. exf3 gxf3 25. Re3 Bg4 26. Re4 Qf5 27. h3 Bxh3 28. Rh4+ Bh6 29. Bc1 g5 30. Be4 gxh4 31. Bxf5+ Rxf5 32. Kh2 Bg2 33. d4 hxg3+ 34. fxg3 e4 35. Qxe4 Rbf8 36. Bxh6 Kxh6 37. dxc5 dxc5 38. g4 Rf4 39. Qe3 Kg6 40. Kg3 R4f6 41. Qxc5 b6 42. Qd4 Re8 43. Qd3+ Kf7 44. g5 Rfe6 45. Qh7+ Kf8 46. g6 Rxg6+ 47. Qxg6 Re7 48. Qxb6 Re2 49. Qf6+ Ke8 50. b6 1-0

[Event "UZB-ch (Women) final"]
[Site "Tashkent"]
[Date "2021.04.20"]
[Round "4.1"]
[White "Salimova, Asal"]
[Black "Orazmukhammedova, Makhim"]
[Result "1-0"]
[WhiteElo "1815"]
[BlackElo "1898"]
[PlyCount "51"]
[EventDate "2021.04.17"]
[EventType "tourn"]
[EventRounds "11"]
[EventCountry "UZB"]
[SourceTitle "CBM 202 Extra"]
[Source "ChessBase"]
[SourceDate "2021.07.31"]
[SourceVersion "1"]
[SourceVersionDate "2021.07.31"]
[SourceQuality "1"]

1. d4 d5 2. Bf4 c5 3. e3 Nc6 4. Nf3 Nf6 5. Nbd2 Bf5 6. dxc5 e6 7. Nb3 Nd7 8. Nfd4 Bg6 9. Nb5 e5 10. Bg3 Nb4 11. Na3 f6 12. c3 Nc6 13. Qxd5 Nxc5 14. Qxd8+ Rxd8 15. Nxc5 Bxc5 16. Nb1 Ke7 17. Nd2 Nb4 18. cxb4 Bxb4 19. 0-0-0 Rc8+ 20. Nc4 b5 21. a3 Ba5 22. Rd5 Bf7 23. Rxb5 Bxc4 24. Bxc4 Rxc4+ 25. Kb1 Rhc8 26. Rxa5 1-0

[Event "Central Asia-ch U20 Girls"]
[Site "Tashkent"]
[Date "2019.09.22"]
[Round "2"]
[White "Abdusattorova, Bakhora"]
[Black "Salimova, Asal"]
[Result "1/2-1/2"]
[WhiteElo "2109"]
[BlackElo "1795"]
[PlyCount "196"]
[EventDate "2019.09.21"]
[EventType "swiss"]
[EventRounds "9"]
[EventCountry "UZB"]
[SourceTitle "EXT 2020"]
[Source "ChessBase"]
[SourceDate "2019.10.17"]
[SourceVersion "1"]
[SourceVersionDate "2019.10.17"]
[SourceQuality "1"]

1. d4 d5 2. Nf3 Nf6 3. g3 c6 4. Bg2 Bf5 5. 0-0 e6 6. c4 Be7 7. Nc3 0-0 8. b3 Ne4 9. Bb2 Nd7 10. e3 Qa5 11. Nb1 b5 12. c5 Bf6 13. a3 Qc7 14. b4 a5 15. Nbd2 Bg4 16. Qc2 Bxf3 17. Nxf3 Be7 18. Bc3 axb4 19. axb4 Qb7 20. Qb2 Rxa1 21. Rxa1 Ra8 22. Ra3 Rxa3 23. Qxa3 Nxc3 24. Qxc3 Qa6 25. Bf1 Qa4 26. Bd3 Bf6 27. e4 g6 28. e5 Be7 29. h4 Nb8 30. Bc2 Qa2 31. Bb3 Qa3 32. Ne1 Bf8 33. Kf1 Bh6 34. f4 Na6 35. Nd3 Bg7 36. Ke2 Nc7 37. Qb2 Qxb2+ 38. Nxb2 Na6 39. Nd3 Bf8 40. Kd2 Be7 41. Kc3 h5 42. Bc2 Kf8 43. Nc1 Ke8 44. Bd3 Kd7 45. Nb3 Kc7 46. Nd2 Kd7 47. Bf1 Nc7 48. Bh3 Ne8 49. Nf3 Ng7 50. Nd2 Bd8 51. Nf1 Be7 52. Kd3 Bd8 53. Kc3 Be7 54. Bg2 Nf5 55. Bf3 Nh6 56. Be2 Bd8 57. Kd2 Nf5 58. Kd3 Nh6 59. Bf3 Be7 60. Bg2 Bd8 61. Bh3 Be7 62. Nd2 Bd8 63. Nb1 Be7 64. Nc3 Bd8 65. Nd1 Be7 66. Ne3 Bd8 67. Ke2 Be7 68. Kf3 Bd8 69. Bf1 Be7 70. Bd3 Bd8 71. Kg2 Nf5 72. Bxf5 exf5 73. Kf3 Be7 74. Nf1 Bd8 75. Nd2 Be7 76. Nb3 Bd8 77. Ke3 Be7 78. Nc1 Bd8 79. Nd3 Bc7 80. Ne1 Ke6 81. Kd3 Bd8 82. Kc3 Bc7 83. Nf3 Bd8 84. Kd3 Be7 85. Nd2 Bd8 86. Kc3 Kd7 87. Kb3 Bc7 88. Nf3 Ke7 89. Ng5 Bd8 90. Kc3 Bc7 91. Kd3 Bd8 92. Kc3 Bc7 93. Nh7 Bd8 94. Kd3 Ke8 95. Ke3 Be7 96. Ng5 Bxg5 97. fxg5 Ke7 98. Kf3 Kd7 1/2-1/2

[Event "Wch U18 Girls"]
[Site "Porto Carras"]
[Date "2018.10.28"]
[Round "9.28"]
[White "Li, Yilin"]
[Black "Salimova, Asal"]
[Result "1/2-1/2"]
[WhiteElo "1993"]
[BlackElo "1870"]
[PlyCount "88"]
[EventDate "2018.10.20"]
[EventType "swiss"]
[EventRounds "11"]
[EventCountry "GRE"]
[SourceTitle "CBM 187 Extra"]
[Source "ChessBase"]
[SourceDate "2018.11.04"]
[SourceVersion "1"]
[SourceVersionDate "2018.11.04"]
[SourceQuality "1"]

1. e4 g6 2. d4 Bg7 3. c4 d6 4. Nc3 e5 5. Nf3 Nd7 6. Be2 Ne7 7. 0-0 0-0 8. Rb1 a6 9. Be3 h6 10. Qd2 Kh7 11. dxe5 dxe5 12. Ne1 f5 13. f3 f4 14. Bf2 Nf6 15. Nd3 Be6 16. b3 g5 17. Rfd1 Ng6 18. Qc2 Qc8 19. Nc5 g4 20. Nd5 Rf7 21. Nxf6+ Bxf6 22. Nxe6 Qxe6 23. fxg4 Bh4 24. Rd3 Bxf2+ 25. Kxf2 Raf8 26. Ke1 Qe7 27. Kd2 Qc5 28. Bf3 Ne7 29. b4 Qf2+ 30. Kc1 Qg1+ 31. Kb2 Qb6 32. Ka1 Nc6 33. c5 Qa7 34. Qc3 Qa8 35. Bd1 Nd4 36. Bb3 Rg7 37. h3 Qe8 38. Rbd1 Re7 39. R1d2 Qg6 40. Rxd4 exd4 41. Qxd4 Qf6 42. Bd1 Kg7 43. Bf3 c6 44. Kb2 Rff7 1/2-1/2

[Event "World School-ch U15 Girls"]
[Site "Sochi"]
[Date "2016.12.10"]
[Round "8"]
[White "Salimova, Asal"]
[Black "Kochukova, Anna"]
[Result "1-0"]
[WhiteElo "1841"]
[BlackElo "2065"]
[PlyCount "101"]
[EventDate "2016.12.03"]
[EventType "swiss"]
[EventRounds "9"]
[EventCountry "RUS"]
[SourceTitle "EXT 2018"]
[Source "ChessBase"]
[SourceDate "2017.10.13"]
[SourceVersion "1"]
[SourceVersionDate "2017.10.13"]
[SourceQuality "1"]

1. d4 Nf6 2. Bf4 e6 3. e3 d5 4. Nd2 c5 5. c3 Nc6 6. Bd3 Bd6 7. Bxd6 Qxd6 8. f4 0-0 9. Nh3 b6 10. 0-0 Bb7 11. g4 Ne7 12. Qf3 Rac8 13. Ng5 a6 14. Qh3 h6 15. Ngf3 Ne4 16. Rad1 c4 17. Bc2 b5 18. Qg2 a5 19. Nxe4 dxe4 20. Nd2 f5 21. g5 hxg5 22. fxg5 g6 23. Qh3 Rf7 24. Rf4 Rh7 25. Rh4 Rxh4 26. Qxh4 Rf8 27. Rf1 Rf7 28. a4 Rh7 29. Qf2 Nd5 30. h4 Nxe3 31. Qxe3 Rxh4 32. Rf2 f4 33. Qe2 e3 34. Be4 exf2+ 35. Qxf2 Rg4+ 36. Kf1 Bd5 37. axb5 Rxg5 38. Qh4 Rg3 39. Qf6 Qc7 40. b6 Qb8 41. Bxd5 exd5 42. Qe6+ Kg7 43. Qe7+ Kg8 44. Qc7 Qe8 45. b7 Rg1+ 46. Kxg1 Qe3+ 47. Kf1 Qh3+ 48. Ke1 Qh1+ 49. Nf1 Qh4+ 50. Kd1 Qg4+ 51. Kc1 1-0

[Event "World School-ch U15 Girls"]
[Site "Sochi"]
[Date "2016.12.09"]
[Round "7"]
[White "Salimova, Asal"]
[Black "Sakorenko, Adriana"]
[Result "1/2-1/2"]
[WhiteElo "1841"]
[BlackElo "2014"]
[PlyCount "71"]
[EventDate "2016.12.03"]
[EventType "swiss"]
[EventRounds "9"]
[EventCountry "RUS"]
[SourceTitle "EXT 2018"]
[Source "ChessBase"]
[SourceDate "2017.10.13"]
[SourceVersion "1"]
[SourceVersionDate "2017.10.13"]
[SourceQuality "1"]

1. d4 Nf6 2. Bf4 e6 3. e3 d5 4. Nd2 c5 5. c3 Nc6 6. Bd3 Bd6 7. Bxd6 Qxd6 8. f4 b6 9. Nh3 Bb7 10. Nf3 Ng4 11. Qe2 f5 12. Ne5 Ngxe5 13. fxe5 Qe7 14. Nf4 g6 15. Qf3 0-0-0 16. h4 Kb8 17. 0-0-0 c4 18. Bc2 Bc8 19. g4 Rdf8 20. gxf5 gxf5 21. Nh5 Bb7 22. Ba4 Nd8 23. Nf6 Bc6 24. Bxc6 Nxc6 25. Rdg1 Rf7 26. Qf4 Kb7 27. Rg5 Nb8 28. Rhg1 Nd7 29. Nxd7 Qxd7 30. h5 Rhf8 31. h6 Kc7 32. Rg7 Qe8 33. Qg5 Kd7 34. Kd2 Qe7 35. Qh5 b5 36. Rh1 1/2-1/2

[Event "World School-ch U15 Girls"]
[Site "Sochi"]
[Date "2016.12.08"]
[Round "6"]
[White "Harshini, A."]
[Black "Salimova, Asal"]
[Result "1/2-1/2"]
[WhiteElo "1944"]
[BlackElo "1841"]
[PlyCount "109"]
[EventDate "2016.12.03"]
[EventType "swiss"]
[EventRounds "9"]
[EventCountry "RUS"]
[SourceTitle "EXT 2018"]
[Source "ChessBase"]
[SourceDate "2017.10.13"]
[SourceVersion "1"]
[SourceVersionDate "2017.10.13"]
[SourceQuality "1"]

1. e4 g6 2. d4 d6 3. Nf3 c6 4. Bd3 Bg7 5. 0-0 Nf6 6. Qe2 0-0 7. Bg5 h6 8. Be3 Qc7 9. h3 Nbd7 10. Nbd2 e5 11. c3 Re8 12. Bc2 Nh5 13. Nb3 Nf4 14. Qd2 g5 15. Bxf4 gxf4 16. Nh4 Nf6 17. Rfe1 Kh8 18. Kh2 Rg8 19. Rad1 Nh7 20. dxe5 Bxe5 21. Nf3 f6 22. Nbd4 Qg7 23. Rg1 Ng5 24. Qe2 Qg6 25. Nf5 Qh5 26. Rde1 Nxf3+ 27. Qxf3 Qxf3 28. gxf3 Bxf5 29. exf5 d5 30. Rg4 b5 31. Reg1 a5 32. Rxg8+ Rxg8 33. Rxg8+ Kxg8 34. a4 b4 35. cxb4 axb4 36. b3 Bd4 37. Kg2 c5 38. Bd3 Kf8 39. Kf1 Ke7 40. Ke2 Kd6 41. Bb5 Kc7 42. a5 Kb7 43. h4 Be5 44. a6+ Kb6 45. a7 Kxa7 46. Bc6 c4 47. Bxd5 cxb3 48. Bxb3 Kb6 49. h5 Kc5 50. Kd3 Bd4 51. Ke4 Bxf2 52. Bd5 Kb5 53. Bb3 Kc5 54. Bd5 Kb5 55. Bb3 1/2-1/2

[Event "World School-ch U15 Girls"]
[Site "Sochi"]
[Date "2016.12.06"]
[Round "4"]
[White "De Silva, Tenara"]
[Black "Salimova, Asal"]
[Result "0-1"]
[WhiteElo "1557"]
[BlackElo "1841"]
[PlyCount "60"]
[EventDate "2016.12.03"]
[EventType "swiss"]
[EventRounds "9"]
[EventCountry "RUS"]
[SourceTitle "EXT 2018"]
[Source "ChessBase"]
[SourceDate "2017.10.13"]
[SourceVersion "1"]
[SourceVersionDate "2017.10.13"]
[SourceQuality "1"]

1. e4 g6 2. d4 d6 3. Nf3 c6 4. Bf4 Bg7 5. Nc3 Nf6 6. Be2 Nbd7 7. h3 Qc7 8. 0-0 e5 9. dxe5 dxe5 10. Be3 0-0 11. Qd2 b5 12. a3 Bb7 13. Rad1 Rfd8 14. Qc1 a5 15. Nd2 Nf8 16. Bg5 Ne6 17. Bxf6 Bxf6 18. Bg4 Nd4 19. Ne2 h5 20. Bf3 Nxe2+ 21. Bxe2 Bg5 22. g3 Bh6 23. Bd3 Qd7 24. Kh2 Bc8 25. h4 Qh3+ 26. Kg1 Bg4 27. Qb1 Bxd2 28. f3 Be3+ 29. Rf2 Bxf3 30. Bf1 Qh1# 0-1

[Event "Asian Schools-ch U17 Girls 11th"]
[Site "Singapore"]
[Date "2015.06.06"]
[Round "8"]
[White "Mendoza, Shania Mae"]
[Black "Salimova, Asal"]
[Result "1/2-1/2"]
[WhiteElo "2060"]
[BlackElo "1656"]
[PlyCount "87"]
[EventDate "2015.05.31"]
[EventType "swiss"]
[EventRounds "7"]
[EventCountry "SIN"]
[SourceTitle "EXT 2024"]
[Source "ChessBase"]
[SourceDate "2023.10.10"]
[SourceVersion "1"]
[SourceVersionDate "2023.10.10"]
[SourceQuality "1"]

1. e4 g6 2. d4 Bg7 3. Nc3 d6 4. h3 e6 5. Be3 Nd7 6. Nf3 a6 7. a4 b6 8. Be2 Bb7 9. 0-0 Ne7 10. Nd2 0-0 11. f4 d5 12. e5 c5 13. Nf3 Nf5 14. Bf2 cxd4 15. Nxd4 Nc5 16. a5 Ne4 17. Nxe4 dxe4 18. Nxf5 gxf5 19. Bxb6 Qxd1 20. Rfxd1 Bh6 21. g3 Rfc8 22. c4 Bc6 23. b4 Bf8 24. Rab1 Rab8 25. Kf2 Be7 26. Rb2 Rb7 27. c5 Ra8 28. Bc4 Kf8 29. g4 Ba4 30. Ra1 Bd7 31. gxf5 f6 32. Bxe6 Bxe6 33. fxe6 fxe5 34. Ke3 exf4+ 35. Kxe4 Bf6 36. Rab1 Bxb2 37. Rxb2 Rg7 38. Rd2 Re8 39. c6 Rxe6+ 40. Kd5 Re8 41. Rf2 Rg5+ 42. Kd6 Rg6+ 43. Kd5 Rg5+ 44. Kd4 1/2-1/2